Electrical Machanies (Record no. 89)
[ view plain ]
| 000 -LEADER | |
|---|---|
| Fixed length control field | 00569nam a2200205 4500 |
| 003 - CONTROL NUMBER IDENTIFIER | |
| Control field | SEACOMEC |
| 005 - DATE AND TIME OF LATEST TRANSACTION | |
| Control field | 20231005093937.0 |
| 008 - FIXED-LENGTH DATA ELEMENTS--GENERAL INFORMATION | |
| Fixed length control field | 231005b |||||||| |||| 00| 0 eng d |
| 020 ## - INTERNATIONAL STANDARD BOOK NUMBER / ISBN | |
| Price | Rs. 190.00 |
| 040 ## - CATALOGING SOURCE | |
| Original cataloging agency | SEACOMEC |
| 082 ## - DEWEY DECIMAL CLASSIFICATION NUMBER | |
| Classification number | 621.31042 |
| Book Number | DEE |
| 100 1# - MAIN ENTRY--PERSONAL NAME | |
| Personal name | Deepa, K. |
| 245 1# - TITLE STATEMENT | |
| Title | Electrical Machanies |
| Statement of responsibility | K. Deepa, D. Zamrooth and T. Porselvi |
| 260 ## - IMPRINT | |
| Place of publication | Chennai |
| Name of publisher | Scitech |
| Date of publication | 2000 |
| 650 ## - SUBJECT ADDED ENTRY--TOPICAL TERM | |
| Topical term | Applied Physics |
| 650 ## - SUBJECT ADDED ENTRY--TOPICAL TERM | |
| Topical term | Generation, modification, storage, transmission of electric power |
| 700 1# - ADDED ENTRY--PERSONAL NAME | |
| Personal name | Zamrooth, D. |
| 700 1# - ADDED ENTRY--PERSONAL NAME | |
| Personal name | Porselvi, T. |
| 942 ## - ADDED ENTRY ELEMENTS (KOHA) | |
| Koha item type | Books |
| Withdrawn status | Lost status | Source of classification | Damaged status | Not for loan | Home library | Current library | Date acquired | Total Checkouts | Call number | Accession number | Date last seen | Price effective from | Koha item type |
|---|---|---|---|---|---|---|---|---|---|---|---|---|---|
| Dewey Decimal Classification | SEACOM ENGINEERING COLLEGE | SEACOM ENGINEERING COLLEGE | 28/07/2006 | 621.31042 DEE | 04763 | 05/10/2023 | 05/10/2023 | Books | |||||
| Dewey Decimal Classification | SEACOM ENGINEERING COLLEGE | SEACOM ENGINEERING COLLEGE | 28/07/2006 | 621.31042 DEE | 04764 | 05/10/2023 | 05/10/2023 | Books | |||||
| Dewey Decimal Classification | SEACOM ENGINEERING COLLEGE | SEACOM ENGINEERING COLLEGE | 28/07/2006 | 621.31042 DEE | 04765 | 05/10/2023 | 05/10/2023 | Books |
